Autobahn am Start- und Endpunkt erkennen #1 - Statistiken

Allgemein
  • Dieses Quiz wurde 339 mal gespielt
    317 seit der letzten Aktualisierung
  • Das Durchschnittsergebnis liegt bei 6 aus 15
Antwortstatistiken
Frage Antwort % Korrekt
Potsdam<>München 9
80%
Heiligenhafen<>Saarbrücken 1
67%
Emden<>Bottrop 31
61%
Münster<>Wuppertal 43
48%
Würzburg<>Gottmadingen 81
44%
Venlo<>Unna 40
42%
Wiesbaden<>Fulda 66
42%
Schweinfurt<>Bayreuth 70
41%
Barnim<>Barnim 10
39%
Ehlingen<>Sinzig 571
36%
Hamburg-Südwest<>Buchholz 261
35%
Pocking<>Elten 3
35%
Suhl<>Feucht 73
33%
Oranienburg<>Charlottenburg 111
28%
München-Sendling<>Eschenlohe 95
20%
Keine übereinstimmenden Quizze gefunden
Verteilung der Resultate
Anzahl Personen mit jedem Resultat
Perzentil nach korrekt beantworteten Fragen
Ihre Resultats-Entwicklung
Sie haben dieses Quiz seit der letzten Aktualisierung nicht gespielt